| 000 | 00460nam a22001457a 4500 | ||
|---|---|---|---|
| 082 | _a621.3 | ||
| 100 | _aOaj, Eesha | ||
| 245 |
_aVideo De-Noising using Vector Estimation of Wavelet Coefficients / _cEesha Oaj |
||
| 260 |
_aIslamabad : _bMCS - NUST, _c2017. |
||
| 300 |
_a65 p. ; _c30cm. |
||
| 650 |
_aElectrical Engineering-MS-Thesis _916073 |
||
| 700 |
_aDr. Imran Touqir _935099 |
||
| 942 |
_2ddc _cTHE |
||
| 999 |
_c541045 _d541045 |
||